000 00565nam a2200181Ia 4500
005 20250508154511.0
008 008 250505s9999 xx 000 0 eng d
037 _aTextual
040 _aFEDL
_beng
_cFEDL
041 _aeng
_2eng
084 _aB, GOK
_qFEDL
100 _aParvate T V
245 0 _aGopal Krishna Gokhale: A narrative and interpretative review of his life, career and contemporary events
260 _aAhmedabad, India
_bNavajivan Publishing House
_c1959
300 _aix,484p
942 _cTEXL
_hB, GOK
999 _c1350605
_d1350605